Democracy in England (Record no. 420810)

000 -LEADER
fixed length control field 00372cam a22001217a 4500
008 - FIXED-LENGTH DATA ELEMENTS--GENERAL INFORMATION
fixed length control field 180718b1957 xxu||||| |||| 00| 0 eng d
082 ## - DEWEY DECIMAL CLASSIFICATION NUMBER
Classification number B253x42 Sp31
100 ## - MAIN ENTRY--PERSONAL NAME
Personal name Spearman, Diana
245 ## - TITLE STATEMENT
Title Democracy in England
Statement of responsibility, etc. by Diana Spearman
260 ## - PUBLICATION, DISTRIBUTION, ETC.
Place of publication, distribution, etc. London
Name of publisher, distributor, etc. Salisbury Sqare
Date of publication, distribution, etc. 1957
300 ## - PHYSICAL DESCRIPTION
Extent xviii, 238p
650 ## - SUBJECT ADDED ENTRY--TOPICAL TERM
Topical term or geographic name entry element Great Britain --Politics and government --20th century.
Holdings
Withdrawn status Lost status Damaged status Not for loan Permanent Location Current Location Date acquired Full call number Barcode Date last seen Price effective from Koha item type
        Indian Institute of Public Administration Indian Institute of Public Administration 2009-07-20 B253x42 Sp31 6784 2018-07-21 2018-07-21 Book

Powered by Koha